Stability and Time-Optimal Control of Hereditary Systems : (Record no. 11812)
[ view plain ]
| 000 -LEADER | |
|---|---|
| fixed length control field | 01090cam a2200289 a 4500 |
| 001 - CONTROL NUMBER | |
| control field | 12737560 |
| 005 - DATE AND TIME OF LATEST TRANSACTION | |
| control field | 20161020133708.0 |
| 008 - FIXED-LENGTH DATA ELEMENTS--GENERAL INFORMATION | |
| fixed length control field | 020411s2001 njua b 001 0 eng |
| 010 ## - LIBRARY OF CONGRESS CONTROL NUMBER | |
| LC control number | 2002279527 |
| 020 ## - INTERNATIONAL STANDARD BOOK NUMBER | |
| International Standard Book Number | 9810246749 |
| 040 ## - CATALOGING SOURCE | |
| Original cataloging agency | DLC |
| Transcribing agency | DLC |
| Modifying agency | DLC |
| 050 00 - LIBRARY OF CONGRESS CALL NUMBER | |
| Classification number | QA402.3 |
| Item number | .C5567 2001 |
| 082 00 - DEWEY DECIMAL CLASSIFICATION NUMBER | |
| Classification number | 003.5 |
| Edition number | 21 |
| Item number | CHU |
| 100 1# - MAIN ENTRY--PERSONAL NAME | |
| Personal name | Chukwu, Ethelbert N. |
| 9 (RLIN) | 6097 |
| 245 10 - TITLE STATEMENT | |
| Title | Stability and Time-Optimal Control of Hereditary Systems : |
| Remainder of title | With Application to the Economic Dynamics of the US / |
| Statement of responsibility, etc | E.N. Chukwu. |
| 250 ## - EDITION STATEMENT | |
| Edition statement | 2nd ed. |
| 260 ## - PUBLICATION, DISTRIBUTION, ETC. (IMPRINT) | |
| Place of publication, distribution, etc | River Edge, NJ : |
| Name of publisher, distributor, etc | World Scientific, |
| Date of publication, distribution, etc | c2001. |
| 300 ## - PHYSICAL DESCRIPTION | |
| Extent | xix, 495 p. : |
| Other physical details | ill. ; |
| Dimensions | 26 cm. |
| 440 #0 - | |
| -- | Series on advances in mathematics for applied sciences ; |
| -- | v. 60 |
| -- | 6098 |
| 504 ## - BIBLIOGRAPHY, ETC. NOTE | |
| Bibliography, etc | Includes bibliographical references and index. |
| 650 #0 - SUBJECT ADDED ENTRY--TOPICAL TERM | |
| Topical term or geographic name as entry element | Control theory. |
| 9 (RLIN) | 6099 |
| 650 #0 - SUBJECT ADDED ENTRY--TOPICAL TERM | |
| Topical term or geographic name as entry element | Mathematical optimization. |
| 9 (RLIN) | 6100 |
| 650 #0 - SUBJECT ADDED ENTRY--TOPICAL TERM | |
| 9 (RLIN) | 6101 |
| Topical term or geographic name as entry element | Stability |
| 856 41 - ELECTRONIC LOCATION AND ACCESS | |
| Materials specified | Table of contents |
| Uniform Resource Identifier | <a href="http://www.loc.gov/catdir/toc/fy031/2002279527.html">http://www.loc.gov/catdir/toc/fy031/2002279527.html</a> |
| 942 ## - ADDED ENTRY ELEMENTS (KOHA) | |
| Source of classification or shelving scheme | Dewey Decimal Classification |
| Item type | Book - Borrowing |
| Withdrawn status | Item status | Source of classification or shelving scheme | Damaged status | Not for loan | Vendor | Home library | Current library | Shelving location | Date acquired | Source of acquisition | Cost, normal purchase price | Total Checkouts | Full call number | Barcode | Date last seen | Koha item type |
|---|---|---|---|---|---|---|---|---|---|---|---|---|---|---|---|---|
| Dewey Decimal Classification | Alef-Baa | Central Library | Central Library | Lower Floor | 11/06/2009 | 150.00 | 003.5 CHU | 000016755 | 15/07/2025 | Book - Borrowing |